Health perceptton malaria of bunong indigenous people in keo seima district, modulkiri province, ទស្សនៈយល់ដឹងលើជម្ងឺគ្រុនចាញ់របស់ជនជាតិដើម ភាគតិចព្នង នៅស្រុកកែវសីមា ខេត្តមណ្ឌលគីរី (Record no. 5056)

000 -LEADER
fixed length control field 00724nam a22001337a 4500
040 ## - CATALOGING SOURCE
Transcribing agency RUA
082 ## - DEWEY DECIMAL CLASSIFICATION NUMBER
Classification number AED VAN 2013 B265 Or.1
100 ## - MAIN ENTRY--AUTHOR NAME
Personal name VANNY RATH ; វណ្នី រ៉ាត.
245 ## - TITLE STATEMENT
Title Health perceptton malaria of bunong indigenous people in keo seima district, modulkiri province, ទស្សនៈយល់ដឹងលើជម្ងឺគ្រុនចាញ់របស់ជនជាតិដើម ភាគតិចព្នង នៅស្រុកកែវសីមា ខេត្តមណ្ឌលគីរី
260 ## - PUBLICATION, DISTRIBUTION, ETC. (IMPRINT)
Place of publication Phnom Penh
Name of publisher RUA
Year of publication 2013
300 ## - PHYSICAL DESCRIPTION
Number of Pages ix ; 43p.
Other physical details ill.
Dimensions 29cm.
856 ## - ELECTRONIC LOCATION AND ACCESS
Uniform Resource Identifier https://drive.google.com/file/d/1398JEZwXChB68vYfUII6Qbvhvr7Ikq5a/view?usp=sharing
942 ## - ADDED ENTRY ELEMENTS (KOHA)
Koha item type AED
952 ## - LOCATION AND ITEM INFORMATION (KOHA)
Withdrawn status [LOCAL, KOHA] 0
952 ## - LOCATION AND ITEM INFORMATION (KOHA)
Withdrawn status [LOCAL, KOHA] 0
952 ## - LOCATION AND ITEM INFORMATION (KOHA)
Withdrawn status [LOCAL, KOHA] 0
952 ## - LOCATION AND ITEM INFORMATION (KOHA)
Withdrawn status [LOCAL, KOHA] 0
952 ## - LOCATION AND ITEM INFORMATION (KOHA)
Withdrawn status [LOCAL, KOHA] 0
952 ## - LOCATION AND ITEM INFORMATION (KOHA)
Withdrawn status [LOCAL, KOHA] 0
952 ## - LOCATION AND ITEM INFORMATION (KOHA)
Withdrawn status [LOCAL, KOHA] 0
952 ## - LOCATION AND ITEM INFORMATION (KOHA)
Withdrawn status [LOCAL, KOHA] 0
952 ## - LOCATION AND ITEM INFORMATION (KOHA)
Withdrawn status [LOCAL, KOHA] 0
Holdings
Permanent Location Date acquired Koha item type Lost status Shelving location Barcode Current Location Full call number
Library Block B2015-12-23AED B265RUA032743Library Block BAED VAN 2013 B265 Or.1
Library Block B2015-12-23AED B265RUA033376Library Block BAED VAN 2013 B265 Or.2
Library Block B2015-12-23AED B265RUA031979Library Block BAED VAN 2013 B265 Or.3
Library Block B2015-12-23AED B265RUA031941Library Block BAED VAN 2013 B265 Or.4
Library Block B2015-12-23AED B265RUA032457Library Block BAED VAN 2013 B265 Or.5
Library Block B2015-12-23AED B265RUA032474Library Block BAED VAN 2013 B265 Or.6
Library Block B2015-12-23AED B265RUA031959Library Block BAED VAN 2013 B265 Or.7
Library Block B2015-12-23AED B265RUA031946Library Block BAED VAN 2013 B265 Or.8
Library Block B2019-01-03AED B1.198A36084Library Block BAED VAN 2013 B1.198 Or.1
មជ្ឈមណ្ឌលឯការនៃសាកលវិទ្យាល័យភូមិន្ទកសិកម្មចំការដូង

Powered by Koha